000 00589nam a2200229Ia 4500
003 OSt
005 20220925210207.0
006 a|||||r|||| 00| 0
007 ta
008 220923b |||||||| |||| 00| 0 eng d
037 _cGeneral Book
040 _aRTL
_cRTL
_beng
041 _2eng
_aeng
082 _aX:8F, L8
100 _aPyle William W
245 0 _aFundamental accounting principles
250 _a8th
260 _aIllinois
_bRichard D Irwin
_c1978
650 _aBudgeting
942 _hX:8F, L8
_cGB
_2CC
999 _c554379
_d554379